000 00375nam a2200133Ia 4500
005 20260326100037.0
008 260326s9999||||xx |||||||||||||| ||und||
100 _aCampos Payo, Juan
245 0 _aEsto es Toledo :
_b Historia, Monumentos y leyendas /
_cJuan Campos Payo
260 _bArtes Gráficas Toledo
300 _a111 p.
650 _aARQUITECTURA REGIONAL
942 _cBK
999 _c6839
_d6839